• 首页
  • 本馆介绍
  • 公告通知
  • 最新文献
  • 馆藏检索
  • 电子资源
  • 读者导购
  • 参考咨询
  • 我的图书馆
  • 登录
  • 详细信息显示
  • 放入我的书架
  • 预约/预借图书
  • 作者相关作品
  • 分类相关作品
  • 丛书相关作品
  • 出版社相关作品

书目信息

  • 表格格式
  • 工作单格式
  • 卡片格式
题名:
地理信息系统原理
    
 
作者: 张东明 主编
分册:  
出版信息: 郑州   黄河水利出版社  2012.07
页数: 246页
开本: 26cm
丛书名:
单 册:
中图分类: P208.2
科图分类:
主题词: 地理信息系统--高等教育--教材 , 地理信息系统
电子资源:
ISBN: 978-7-5509-0315-9
000 00930nam0 2200265 450
001 003647874
005 20140609083723.98
010    @a978-7-5509-0315-9@dCNY35.00
100    @a20121123d2012 em y0chiy50 ea
101 0  @achi
102    @aCN@b410000
105    @aabk z 000yy
106    @ar
200 1  @a地理信息系统原理@9di li xin xi xi tong yuan li@f张东明主编
205    @a2版
210    @a郑州@c黄河水利出版社@d2012.07
215    @a246页@c图,地图@d26cm
300    @a教育部高等学校高职高专测绘类专业教学指导委员会“十二五”规划教材
330    @a本书共分十章,主要是对GIS的基本理论、方法和技术的详细讲解。内容包括:绪论;地理信息系统的数据结构;空间数据的获取与处理;空间数据库;空间数据查询与分析等。
606 0  @a地理信息系统@x高等教育@j教材
606 0  @a地理信息系统
690    @aP208.2@v5
701  0 @a张东明@9zhang dong ming@4主编
801  0 @aCN@bRENTIAN@c20121123
905    @b548070-73@dP208.2@e215=2@f4
    
    地理信息系统原理/张东明主编.-2版.-郑州:黄河水利出版社,2012.07
    246页:图,地图;26cm
    教育部高等学校高职高专测绘类专业教学指导委员会“十二五”规划教材
    
    ISBN 978-7-5509-0315-9:CNY35.00
    本书共分十章,主要是对GIS的基本理论、方法和技术的详细讲解。内容包括:绪论;地理信息系统的数据结构;空间数据的获取与处理;空间数据库;空间数据查询与分析等。
●
相关链接 在E读中查询图书 在五车中查询图书 在当当中查询图书 在豆瓣中查询图书


正题名:地理信息系统原理     索取号:P208.2/215=2         预约/预借

序号 登录号 条形码 馆藏地/架位号 状态 备注
1 548070   205480709   第二样本阅览室/ [索取号:P208.2/215=2] 在馆    
2 548071   205480718   第三借阅区/ [索取号:P208.2/215=2] 在馆    
3 548072   205480727   第三借阅区/ [索取号:P208.2/215=2] 在馆    
4 548073   205480736   第三借阅区/ [索取号:P208.2/215=2] 在馆    
唐山师范学院图书馆 欢迎您!
大连网信软件有限公司© 版权所有